000 00381nam a22001217a 4500
999 _c3921
_d3921
005 20210423152552.0
008 210423b ||||| |||| 00| 0 eng d
020 _a9781906988388
040 _cCML
245 _aJonah: A Fishy Tail
_cCliff Mary, Fort Kelly
260 _aUnited Kingdom
_bOuot Of The Ark Limited
_c2012
942 _2ddc
_cBK
_e1st Edition
_h782.14083
_mCLI